000
00326nam a22001337a 4500
999
_c
508896
_d
508896
008
190415b ||||| |||| 00| 0 eng d
100
_a
Mondal, Ajit
_9
4416
245
_a
Digital library in India: a paradigm shift
260
_c
2018
300
_a
p.50-54.
773
_a
Yojana
906
_a
Digital libraries
942
_c
AR